| 000 -ლიდერი |
| ფიქსირებული სიგრძის საკონტროლო ველი |
01199nam a2200253Ia 4500 |
| 001 - საკონტროლო ნომერი |
| საკონტროლო ველი |
7241 |
| 003 - საკონტროლო ნომრის იდენტიფიკატორი |
| საკონტროლო ველი |
GE_BSU |
| 005 - ბოლო ოპერაციის თარიღი და დრო |
| საკონტროლო ველი |
20210407165858.0 |
| 008 - ფიქსირებული სიგრძის მონაცემთა ელემენტები - ზოგადი ინფორმაცია |
| ფიქსირებული სიგრძის საკონტროლო ველი |
181216s2012||||ge |||||||||||||| ||geo|| |
| 020 ## - წიგნის საერთაშორისო სტანდარტული ნომერი |
| International Standard Book Number |
9789941928284 |
| 040 ## - კატალოგიზაციის წყარო |
| Transcribing agency |
GE_BSU |
| 041 ## - ენის კოდი |
| Language code of text/sound track or separate title |
geo |
| 080 ## - უნივერსალური ათობითი კლასიფიკაციის ინდექსი |
| Universal Decimal Classification number |
821.353.1-31 რ-63 |
| 100 ## - მთავარი ჩანაწერი - პიროვნების სახელი |
| Personal name |
რიჟვაძე, როინი |
| 9 (RLIN) |
11159 |
| 245 ## - ცნობა სათაურის შესახებ |
| Title |
33 რომანი : |
| Remainder of title |
ეძღვნება დაობლებულ და დაქვრივებულ ოჯახებს / |
| Statement of responsibility, etc |
როინ რიჟვაძე ; [რედ.: შაქრო ჩიკვაიძე, დავით კახაბერი]. |
| 264 ## - წარმოების, გამოცემის, დისტრიბუციის და სხვა ცნობები |
| გამოცემის, წარმოების, დისტრიბუციის... ადგილი |
თბილისი : |
| გამოცემის, წარმოების, დისტრიბუციის... სახელწოდება |
მერანი, |
| გამოცემის, წარმოების, დისტრიბუციის... თარიღი |
2012. |
| 300 ## - ფიზიკური აღწერა |
| Extent |
406 გვ; |
| Other physical details |
20 სმ. |
| 653 ## - INDEX TERM--UNCONTROLLED |
| Uncontrolled term |
33 რომანი. |
| 653 ## - INDEX TERM--UNCONTROLLED |
| Uncontrolled term |
ვუძღვნი დაობლებულ და დაქვრივებულ ოჯახებს. |
| 653 ## - INDEX TERM--UNCONTROLLED |
| Uncontrolled term |
პოლიტიკური ტრილერი |
| 700 ## - ADDED ENTRY--PERSONAL NAME |
| Personal name |
ჩიკვაიძე, შაქრო |
| Relator term |
რედაქტორი |
| 9 (RLIN) |
5849 |
| 700 ## - ADDED ENTRY--PERSONAL NAME |
| Personal name |
კახაბერი, დავით |
| Relator term |
რედაქტორი |
| 9 (RLIN) |
11160 |
| 942 ## - ADDED ENTRY ELEMENTS (KOHA) |
| Koha item type |
წიგნი |
| Source of classification or shelving scheme |
|